| 000 | 02788nam a2200373 a 4500 | ||
|---|---|---|---|
| 001 | ebr10513720 | ||
| 003 | CaPaEBR | ||
| 006 | m u | ||
| 007 | cr cn||||||||| | ||
| 008 | 110415s2011 inua s 001 0 eng d | ||
| 010 | _z 2011016575 | ||
| 020 | _z9781118014745 (hardback) | ||
| 020 | _z9781118113660 (e-book) | ||
| 040 |
_aCaPaEBR _cCaPaEBR |
||
| 035 | _a(OCoLC)781718586 | ||
| 050 | 1 | 4 |
_aQA76.3 _b.D82279 2011eb |
| 082 | 0 | 4 |
_a005.8 _222 |
| 100 | 1 | _aDulaney, Emmett A. | |
| 245 | 1 | 0 |
_aCompTIA security+ deluxe study guide _h[electronic resource] / _cEmmett Dulaney. |
| 250 | _a2nd ed. | ||
| 260 |
_aIndianapolis : _bWiley Pub., Inc., _cc2011. |
||
| 300 |
_alvii, 636 p. : _bill. |
||
| 500 | _aIncludes: "A handy tear card that maps every official exam objective"--P. 4 of cover. | ||
| 500 | _a"Exam SY0-301"--Cover. | ||
| 500 | _aIncludes index. | ||
| 520 |
_a"Get a host of extras with this Deluxe version of our top-selling Security+ study guide!Prepare for CompTIA's new Security+ exam SY0-301 with this Deluxe Edition of our popular CompTIA Security+ Study Guide, 5th Edition. In addition to the 100% coverage of all exam objectives and study tools you'll find in the regular study guide, the Deluxe Edition gives additional hands-on exercises and study aides, three additional practice exams, over 100 additional electronic flashcards, valuable video demonstrations by the author, and an exclusive security administration simulator. Provides 100% coverage of all exam objectives for Security+ exam SY0-301 Packed with a hundred additional pages, located on the CD Features Deluxe-Edition-only additional practice exams and electronic flashcard, video demonstrations, and an exclusive Security Administrator simulator so you can practice in a real-world environment Covers key topics such as general security concepts, communication and infrastructure security, the basics of cryptography, operational security, and more Shows you pages of practical examples and offers insights drawn from the real world Get deluxe preparation, pass the exam, and jump-start your career. It all starts with CompTIA Security+ Deluxe Study Guide, 2nd Edition"-- _cProvided by publisher. |
||
| 533 |
_aElectronic reproduction. _bPalo Alto, Calif. : _cebrary, _d2012. _nAvailable via World Wide Web. _nAccess may be limited to ebrary affiliated libraries. |
||
| 650 | 0 |
_aElectronic data processing personnel _xCertification. |
|
| 650 | 0 |
_aComputer security _xExaminations _vStudy guides. |
|
| 650 | 0 |
_aComputer networks _xSecurity measures _xExaminations _vStudy guides. |
|
| 655 | 7 |
_aElectronic books. _2local |
|
| 710 | 2 | _aebrary, Inc. | |
| 856 | 4 | 0 |
_uhttp://site.ebrary.com/lib/rucke/Doc?id=10513720 _zAn electronic book accessible through the World Wide Web; click to view |
| 999 |
_c118366 _d118366 |
||